[Event "54smm A Richter/Lask-Brixen/Milland"]
[Site "?"]
[Date "2022.11.19"]
[Round "2.6"]
[White "Kowalczyk, Martin"]
[Black "Hofer, Karl"]
[Result "0-1"]
[WhiteElo "1782"]
[BlackElo "1408"]
[PlyCount "88"]
[EventDate "2022.11.19"]

1. e4 d6 2. d4 g6 3. f4 Bg7 4. Nf3 Nd7 5. Bd3 a6 6. Be3 b5 7. c3 Bb7 8. O-O c5
9. d5 Ngf6 10. Nbd2 Ng4 11. Bf2 Nxf2 12. Rxf2 O-O 13. Nf1 Qb6 14. c4 Qa5 15.
Qe2 b4 16. g4 Qc7 17. Ne3 Rae8 18. Re1 a5 19. Kh1 Bc8 20. Qf1 Nf6 21. h3 Qd7
22. b3 Kh8 23. f5 Qc7 24. Qg2 Nd7 25. Ref1 Ne5 26. Nxe5 Bxe5 27. fxg6 f6 28.
gxh7 Rf7 29. Rf3 Rxh7 30. Nf5 Rg8 31. Rg1 Qd7 32. Qd2 Qe8 33. Bc2 Rg6 34. Bd1
e6 35. dxe6 Qxe6 36. Kg2 Rxg4+ 37. hxg4 Rh2+ 38. Kf1 Rxd2 39. Rh3+ Kg8 40. Be2
Rxa2 41. Kf2 Bd4+ 42. Nxd4 Qxe4 43. Re3 Qxd4 44. Kf3 Bb7+ 0-1

[Event "54smm B Kaltern/Tramin2-Naturns2"]
[Site "?"]
[Date "2022.11.19"]
[Round "1.1"]
[White "Gurschler, Markus"]
[Black "Unterkofler, Alex"]
[Result "0-1"]
[WhiteElo "1555"]
[BlackElo "1751"]
[PlyCount "80"]
[EventDate "2022.11.19"]

1. d4 Nf6 2. Bf4 g6 3. e3 Bg7 4. Nf3 O-O 5. c4 c5 6. Nc3 Qa5 7. Qa4 Qxa4 8.
Nxa4 cxd4 9. Bxb8 Rxb8 10. exd4 d6 11. Nc3 Bf5 12. Rd1 Rfc8 13. b3 a6 14. a4
Bc2 15. Rb1 Bxb1 16. Nxb1 b5 17. axb5 axb5 18. Nbd2 Ra8 19. Be2 Ra1+ 20. Bd1
bxc4 21. bxc4 d5 22. c5 Ne4 23. Nb3 Rxd1+ 24. Kxd1 Nxf2+ 25. Ke2 Nxh1 26. Kf1
f6 27. Kg1 Ng3 28. hxg3 e5 29. Kf2 e4 30. Nfd2 f5 31. Ke3 Kf7 32. Na5 Bh6+ 33.
Ke2 Bxd2 34. Kxd2 Ra8 35. Nb7 Ke7 36. Ke3 Ra3+ 37. Kf2 Kd7 38. Nd6 Kc6 39. Nf7
Ra2+ 40. Kf1 Rd2 0-1

[Event "54smm B Kaltern/Tramin2-Naturns2"]
[Site "?"]
[Date "2022.11.19"]
[Round "2.2"]
[White "Leimgruber, Erich"]
[Black "Zoeschg, Herbert"]
[Result "0-1"]
[WhiteElo "1550"]
[BlackElo "1557"]
[PlyCount "52"]
[EventDate "2022.11.19"]

1. e4 c5 2. Nf3 d6 3. d4 cxd4 4. Nxd4 a6 5. a4 Nc6 6. Nxc6 bxc6 7. Bd3 g6 8.
Be3 Bg7 9. c3 Rb8 10. Qc2 c5 11. Nd2 Nf6 12. f3 Nd7 13. O-O Ne5 14. Be2 O-O 15.
Rab1 Qd7 16. Nc4 Nxc4 17. Bxc4 Bb7 18. Rfd1 Qc7 19. Bd5 Bc6 20. b3 Rfc8 21. c4
Be8 22. Bf4 Bd4+ 23. Kf1 e6 24. Rxd4 cxd4 25. c5 exd5 26. Bxd6 Qxd6 0-1

[Event "54smm B Kaltern/Tramin2-Naturns2"]
[Site "?"]
[Date "2022.11.19"]
[Round "2.3"]
[White "Christanell, Anton"]
[Black "Filosi, Gianluigi"]
[Result "1/2-1/2"]
[WhiteElo "1437"]
[BlackElo "1596"]
[PlyCount "37"]
[EventDate "2022.11.19"]

1. e4 e6 2. Nf3 d5 3. exd5 exd5 4. d4 Nf6 5. Be2 Be7 6. O-O O-O 7. c3 c6 8.
Nbd2 Bg4 9. h3 Bh5 10. Ne5 Bxe2 11. Qxe2 Nbd7 12. Nxd7 Nxd7 13. Nf3 Re8 14. Be3
Bd6 15. Qd3 Qc7 16. Rae1 Re7 17. Bd2 Rae8 18. Rxe7 Rxe7 19. Re1 1/2-1/2

[Event "54smm B Kaltern/Tramin2-Naturns2"]
[Site "?"]
[Date "2022.11.19"]
[Round "2.4"]
[White "Sanin, Wilfried"]
[Black "Amort, Thomas"]
[Result "1/2-1/2"]
[WhiteElo "1441"]
[BlackElo "1419"]
[PlyCount "79"]
[EventDate "2022.11.19"]

1. d4 d5 2. Nc3 c6 3. Bf4 Bf5 4. e3 e6 5. Bd3 Bxd3 6. Qxd3 Nf6 7. h3 Be7 8. Nf3
Nbd7 9. O-O O-O 10. Ne5 a6 11. Nxd7 Nxd7 12. a3 c5 13. Ne2 Nf6 14. dxc5 Bxc5
15. c3 Rc8 16. Bg5 Be7 17. Ng3 h6 18. Bxf6 Bxf6 19. Rad1 Qb6 20. Rd2 Rfd8 21.
Qe2 Be5 22. Qg4 Bxg3 23. Qxg3 Qc7 24. Qxc7 Rxc7 25. Re1 Rdd7 26. Red1 Re7 27.
Kf1 g6 28. h4 Rc4 29. g3 Kg7 30. Kg2 Rec7 31. Re1 b5 32. Ree2 Kf6 33. Kf3 h5
34. Kg2 R7c5 35. f4 Kf5 36. Kf3 Re4 37. Rg2 Rc8 38. Rge2 Rc5 39. Rg2 Rc8 40.
Rge2 1/2-1/2

[Event "54smm B Kaltern/Tramin2-Naturns2"]
[Site "?"]
[Date "2022.11.19"]
[Round "2.5"]
[White "Nischler, Hermann"]
[Black "Enderle, Helmut"]
[Result "1/2-1/2"]
[WhiteElo "1344"]
[BlackElo "1481"]
[PlyCount "48"]
[EventDate "2022.11.19"]

1. e4 e5 2. Nf3 Nc6 3. Bb5 d6 4. Bxc6+ bxc6 5. d4 exd4 6. Nxd4 Bd7 7. O-O Nf6
8. Re1 Be7 9. b3 O-O 10. Bb2 Re8 11. Nd2 c5 12. N4f3 Bg4 13. h3 Bh5 14. c4 Nd7
15. Qc2 Bg6 16. Rad1 Bf6 17. Qc1 Bh5 18. Qc2 Bxb2 19. Qxb2 Ne5 20. Qc3 Qf6 21.
Re3 Bxf3 22. Nxf3 Nxf3+ 23. Rxf3 Qxc3 24. Rxc3 Rxe4 1/2-1/2

[Event "54smm B Richter/Lask2-Ridnaun "]
[Site "?"]
[Date "2022.11.19"]
[Round "2.1"]
[White "Aigner, Helmut"]
[Black "Pangrazzi, Marco"]
[Result "1/2-1/2"]
[WhiteElo "1867"]
[BlackElo "2153"]
[PlyCount "78"]
[EventDate "2022.11.19"]

1. e4 c5 2. Nf3 Nc6 3. d4 cxd4 4. Nxd4 Nf6 5. Nc3 e5 6. Ndb5 d6 7. Bg5 a6 8.
Na3 b5 9. Nd5 Be7 10. Bxf6 Bxf6 11. c3 Bg5 12. Nc2 Bd7 13. Bd3 Ne7 14. Nce3 g6
15. O-O O-O 16. Qe2 f5 17. Nxe7+ Bxe7 18. f3 Be6 19. a4 Rb8 20. axb5 axb5 21.
Rfd1 Bb3 22. Bc2 Be6 23. Nd5 Bg5 24. Ra6 Kh8 25. Nb4 Rb6 26. Ra7 Qc8 27. Nd5
Ra6 28. Rxa6 Qxa6 29. Kh1 Qb7 30. Qf2 Rc8 31. h3 f4 32. Nb4 Qc7 33. Bd3 Qd7 34.
Bf1 Rb8 35. Qd2 Be7 36. Nd5 Bd8 37. Nb4 Be7 38. Nd5 Bd8 39. Nb4 Be7 1/2-1/2

[Event "54smm B Steinegg-Groeden2"]
[Site "?"]
[Date "2022.11.19"]
[Round "2.1"]
[White "Casadio, Lorenzo"]
[Black "Engl, Stefan"]
[Result "0-1"]
[WhiteElo "1828"]
[BlackElo "1980"]
[PlyCount "108"]
[EventDate "2022.11.19"]

1. Nf3 e6 2. g3 f5 3. Bg2 Nf6 4. O-O Be7 5. b3 O-O 6. Bb2 d6 7. d4 c6 8. c4 d5
9. Nbd2 Bd7 10. Ne1 Be8 11. Ndf3 Ne4 12. Ne5 Nd7 13. N1d3 Nxe5 14. Nxe5 Nf6 15.
Qc2 Nd7 16. Nd3 Bd6 17. e3 Qe7 18. Rae1 Bf7 19. f3 Rae8 20. e4 fxe4 21. fxe4
dxc4 22. bxc4 e5 23. c5 Bc7 24. d5 Ba5 25. Rc1 cxd5 26. exd5 e4 27. Nf4 Nxc5
28. Ba3 b6 29. Kh1 g5 30. Ne6 Bxe6 31. Rxf8+ Rxf8 32. dxe6 e3 33. Bxc5 bxc5 34.
Qe4 Bd2 35. Rb1 Qf6 36. Bf1 Qf3+ 37. Qxf3 Rxf3 38. Bc4 Kf8 39. Rb8+ Ke7 40.
Rb7+ Kd6 41. a4 Rf8 42. Kg1 e2 43. Rd7+ Ke5 44. Bxe2 Be3+ 45. Kg2 Kxe6 46. Bg4+
Ke5 47. Rxa7 c4 48. Rc7 Kd4 49. h4 gxh4 50. gxh4 h6 51. Bf3 Rg8+ 52. Kf1 Kd3
53. Rd7+ Bd4 54. Bg2 c3 0-1

[Event "54smm B Steinegg-Groeden2"]
[Site "?"]
[Date "2022.11.19"]
[Round "2.2"]
[White "Pichler, Martin"]
[Black "Kasslatter, Matthias"]
[Result "1-0"]
[WhiteElo "1870"]
[BlackElo "1568"]
[PlyCount "57"]
[EventDate "2022.11.19"]

1. e4 e5 2. Nf3 Nc6 3. Bc4 Bc5 4. b4 Bxb4 5. c3 Ba5 6. d4 exd4 7. O-O Nge7 8.
Ng5 Ne5 9. Nxf7 Nxf7 10. Bxf7+ Kxf7 11. Qh5+ Ng6 12. Qxa5 d6 13. cxd4 b6 14.
Qh5 Qh4 15. Qf3+ Qf6 16. Qb3+ Be6 17. d5 Bd7 18. Bb2 Qg5 19. f4 Qh6 20. Nd2
Rhf8 21. Rac1 Rac8 22. Nc4 Kg8 23. f5 Ne7 24. Rf3 Rf7 25. Rh3 Qg5 26. Qf3 g6
27. Qc3 Kf8 28. Qh8+ Ng8 29. Rxh7 1-0

[Event "54smm B Steinegg-Groeden2"]
[Site "?"]
[Date "2022.11.19"]
[Round "2.3"]
[White "Knottner, Klaus"]
[Black "Engl, Alexander"]
[Result "0-1"]
[WhiteElo "1642"]
[BlackElo "1850"]
[PlyCount "110"]
[EventDate "2022.11.19"]

1. e4 e6 2. d4 d5 3. Nd2 Nf6 4. e5 Nfd7 5. Bd3 c5 6. c3 Nc6 7. Ndf3 cxd4 8.
cxd4 f6 9. exf6 Nxf6 10. Ne2 Bd6 11. O-O O-O 12. Bf4 Bxf4 13. Nxf4 Ne4 14. Ne2
Ng5 15. Nxg5 Qxg5 16. a3 Bd7 17. Rc1 Rac8 18. Rc3 Be8 19. Bb1 Bh5 20. f3 Ne7
21. Qc1 Qf6 22. Qd2 Bg6 23. Bxg6 Qxg6 24. Rfc1 Rxc3 25. Rxc3 Nc6 26. b4 Qb1+
27. Qc1 Qa2 28. Qc2 Qa1+ 29. Qc1 Qxc1+ 30. Rxc1 a6 31. Kf2 Kf7 32. Ke3 Ke7 33.
Nc3 Kd6 34. Na4 e5 35. dxe5+ Kxe5 36. Nc5 d4+ 37. Kd3 Kd5 38. Ne4 Ne5+ 39. Kd2
Nc4+ 40. Kd3 b5 41. Nd2 Re8 42. Ne4 Re6 43. a4 Rh6 44. h3 Rg6 45. g4 Rh6 46.
Nf2 Rf6 47. Ke2 bxa4 48. h4 Rb6 49. Nd3 Re6+ 50. Kf2 Rc6 51. Nc5 a3 52. g5 a5
53. Nd3 Nb2 54. Nf4+ Kd6 55. Re1 d3 0-1

[Event "54smm B Steinegg-Groeden2"]
[Site "?"]
[Date "2022.11.19"]
[Round "2.4"]
[White "Lantschner, Carmen"]
[Black "Perathoner, Manuel"]
[Result "1/2-1/2"]
[WhiteElo "1648"]
[BlackElo "1486"]
[PlyCount "91"]
[EventDate "2022.11.19"]

1. e4 e6 2. d4 d5 3. exd5 exd5 4. Bf4 Bd6 5. Bxd6 Qxd6 6. c3 Nf6 7. Bd3 Nc6 8.
Nf3 Bg4 9. Nbd2 O-O 10. O-O Rfe8 11. Qb3 Rab8 12. Rae1 b6 13. h3 Na5 14. Qa4
Bd7 15. Qc2 c5 16. Ne5 Nc6 17. Nxd7 Qxd7 18. dxc5 bxc5 19. Qc1 Ne5 20. Bb1 Qb5
21. b3 Nd3 22. Rxe8+ Rxe8 23. Qc2 Nf4 24. c4 dxc4 25. Nxc4 Qc6 26. Ne3 g6 27.
Re1 N6d5 28. Qd2 Qe6 29. Kf1 Qa6+ 30. Nc4 Rxe1+ 31. Qxe1 Qe6 32. Qxe6 Nxe6 33.
a3 Nd4 34. Na5 Nc3 35. Bd3 Kf8 36. Bc4 Ke7 37. f3 h6 38. Nb7 Ncb5 39. Bxb5 Nxb5
40. a4 Nd4 41. Nxc5 Kd6 42. b4 Nc2 43. Nd3 Kd5 44. Ke2 Kd4 45. Kd2 Ne3 46. g4
1/2-1/2

[Event "54smm B Steinegg-Groeden2"]
[Site "?"]
[Date "2022.11.19"]
[Round "2.5"]
[White "Falvo, Igor"]
[Black "Lantschner, Alexander"]
[Result "0-1"]
[WhiteElo "1041"]
[BlackElo "1386"]
[PlyCount "49"]
[EventDate "2022.11.19"]

1. e4 e5 2. Nf3 Nc6 3. Bb5 d6 4. d4 Bd7 5. d5 Nce7 6. Bd3 Ng6 7. O-O Be7 8. Be3
Nf6 9. h3 h6 10. c4 b6 11. Nc3 O-O 12. Qd2 Nh7 13. Ne2 f5 14. exf5 Bxf5 15.
Bxf5 Rxf5 16. Ng3 Rf7 17. Nh2 Qd7 18. Ng4 Bg5 19. Bxg5 Nxg5 20. Nh5 Raf8 21. g3
Nxh3+ 22. Kg2 Qxg4 23. Nxg7 Nhf4+ 24. Kh2 Qh3+ 25. Kg1 0-1

[Event "54smm B Taufers-Groeden3"]
[Site "?"]
[Date "2022.11.19"]
[Round "2.1"]
[White "Klassen, Tobias"]
[Black "Balzarini, Franco"]
[Result "0-1"]
[WhiteElo "1308"]
[BlackElo "1826"]
[PlyCount "32"]
[EventDate "2022.11.19"]

1. d4 Nf6 2. Nf3 g6 3. Bf4 d6 4. e3 Bg7 5. Bd3 c5 6. c3 O-O 7. Nbd2 Nbd7 8. O-O
a5 9. Ng5 Nh5 10. Qf3 e5 11. g4 exf4 12. gxh5 Qxg5+ 13. Kh1 Nf6 14. hxg6 fxg6
15. Rg1 Qh5 16. Qxf4 Ng4 0-1

[Event "54smm B Taufers-Groeden3"]
[Site "?"]
[Date "2022.11.19"]
[Round "2.2"]
[White "Niederkofler, Andreas"]
[Black "Thaler, Walter"]
[Result "1-0"]
[WhiteElo "1812"]
[BlackElo "1278"]
[PlyCount "65"]
[EventDate "2022.11.19"]

1. e4 d5 2. exd5 Qxd5 3. Nc3 Qd6 4. Bc4 c6 5. d4 Nf6 6. Nge2 e6 7. Bf4 Qd8 8.
a4 a5 9. O-O Be7 10. Ng3 h6 11. Nge4 Nbd7 12. Bb3 Nxe4 13. Nxe4 Nf6 14. Re1 O-O
15. Qd3 Nxe4 16. Qxe4 Bg5 17. Bg3 Bf6 18. c3 g6 19. Re2 Re8 20. Rae1 Qd7 21.
Qf3 Qe7 22. Bf4 Bg5 23. Be5 h5 24. c4 Ra6 25. d5 Qf8 26. Qg3 Bd8 27. Bc2 Qh6
28. Bf4 Qh7 29. Bd3 c5 30. Bc7 Bf6 31. f4 Bd4+ 32. Kh1 Re7 33. Be5 1-0

[Event "54smm B Taufers-Groeden3"]
[Site "?"]
[Date "2022.11.19"]
[Round "2.3"]
[White "Piazza, Alex"]
[Black "Forer, Erich"]
[Result "0-1"]
[WhiteElo "1126"]
[BlackElo "1808"]
[PlyCount "96"]
[EventDate "2022.11.19"]

1. Nf3 Nc6 2. g3 Nf6 3. Bg2 g6 4. d4 d6 5. O-O Bg7 6. c4 O-O 7. Nc3 e5 8. d5
Ne7 9. Be3 Ng4 10. Bd2 f5 11. e4 h6 12. h3 Nf6 13. b4 a5 14. bxa5 Rxa5 15. Nb5
Ra6 16. Nc3 Bd7 17. c5 Qa8 18. Qb3 Kh7 19. Rfe1 Nh5 20. Bf1 Ra3 21. Qb4 Rf6 22.
Nb5 Bxb5 23. Qxb5 Rxf3 24. Bb4 fxe4 25. Rxe4 Rxf2 26. g4 Ng3 27. Ree1 Rxa2 28.
Bc3 Rxa1 29. Rxa1 Rxf1+ 30. Qxf1 Nxf1 31. Rxa8 Nxd5 32. Be1 Nfe3 33. cxd6 cxd6
34. Rd8 Nf4 35. Bd2 Nc4 36. Bb4 d5 37. h4 d4 38. Rc8 Ne3 39. Rc7 Nxg4 40. Rxb7
Nh5 41. Kg2 e4 42. Bc5 Ne3+ 43. Kf2 Nf5 44. Ke2 Nf4+ 45. Kf1 e3 46. Rd7 e2+ 47.
Ke1 Nd3+ 48. Kxe2 Nxc5 0-1

[Event "54smm B Taufers-Groeden3"]
[Site "?"]
[Date "2022.11.19"]
[Round "2.5"]
[White "Lardschneider, Jonas"]
[Black "Weger, Florian"]
[Result "0-1"]
[WhiteElo "1000"]
[BlackElo "1218"]
[PlyCount "46"]
[EventDate "2022.11.19"]

1. e4 e5 2. Nf3 Nc6 3. Nc3 Nf6 4. Bc4 Bc5 5. d3 h6 6. O-O O-O 7. Be3 d6 8. h3
Nd4 9. Nd5 c6 10. Bxd4 Bxd4 11. Nxd4 cxd5 12. Bxd5 Nxd5 13. exd5 exd4 14. Re1
Qg5 15. Qf3 b6 16. b3 Bb7 17. Qd1 Bxd5 18. f3 Rfe8 19. Rc1 Rxe1+ 20. Qxe1 Bxf3
21. Qf1 Bxg2 22. Qxg2 Qxc1+ 23. Qf1 Rc8 0-1

[Event "54smm A Brixen/Milland-Kaltern/Tramin"]
[Site "?"]
[Date "2022.12.03"]
[Round "3.1"]
[White "Zucchelli, Massimo"]
[Black "Brenninger, Daniel"]
[Result "1-0"]
[WhiteElo "2128"]
[BlackElo "2101"]
[PlyCount "43"]
[EventDate "2022.12.03"]

1. d4 d5 2. c4 c6 3. e3 Nf6 4. Nf3 e6 5. Bd3 dxc4 6. Bxc4 b5 7. Bd3 Nbd7 8. a4
b4 9. Nbd2 a5 10. O-O Be7 11. Nb3 Bb7 12. Qe2 c5 13. dxc5 O-O 14. e4 Nxc5 15.
Nxc5 Bxc5 16. e5 Bxf3 17. Qxf3 Ng4 18. Bxh7+ Kxh7 19. Qxg4 Qd5 20. Qe2 Rfd8 21.
Bg5 Rdc8 22. Rad1 1-0

[Event "54smm A Brixen/Milland-Kaltern/Tramin"]
[Site "?"]
[Date "2022.12.03"]
[Round "3.2"]
[White "Sader, Michael"]
[Black "Maier, Fridolin"]
[Result "1-0"]
[WhiteElo "2092"]
[BlackElo "1758"]
[PlyCount "49"]
[EventDate "2022.12.03"]

{[%evp 0,49,27,0,-20,-18,-22,-33,-22,-24,34,46,37,37,49,-12,66,24,25,3,5,-20,
28,31,27,26,32,-14,65,-8,287,215,236,257,257,257,263,175, 248,272,278,226,281,
292,292,291,386,382,443,452,564,506]} 1. c4 e5 2. Nc3 Nc6 3. g3 Bb4 4. Nd5 f5
5. Nxb4 Nxb4 6. Bg2 Nf6 7. Nf3 d6 8. O-O O-O 9. a3 Nc6 10. b4 Qe8 11. b5 Ne7
12. d3 Qh5 13. c5 f4 14. cxd6 Ng6 15. dxc7 Bh3 16. Qb3+ Kh8 17. Bxh3 Qxh3 18.
Ng5 Qh5 19. Nf7+ Rxf7 20. Qxf7 Qh3 21. c8=Q+ Rxc8 22. Qxb7 fxg3 23. fxg3 e4 24.
Bg5 exd3 25. Rxf6 1-0

[Event "54smm A Brixen/Milland-Kaltern/Tramin"]
[Site "?"]
[Date "2022.12.03"]
[Round "3.3"]
[White "Bertagnolli, Gerhard"]
[Black "Kofler, Thomas"]
[Result "1/2-1/2"]
[WhiteElo "1855"]
[BlackElo "1954"]
[PlyCount "151"]
[EventDate "2022.12.03"]

{[%evp 0,151,31,32,32,27,27,5,34,4,6,-7,-7,14,6,6,22,28,49,23,27,-4,10,-13,-2,
-9,-7,-38,-16,-19,-8,-3,15,11,10,-6,75,71,66,67,80,1,0,- 7,16,5,-9,-3,-8,-25,
-13,-6,0,-4,11,0,33,40,32,33,33,-8,-8,-4,-3,-12,-11,-9,-1,-2,0,0,6,0,6,0,6,4,0,
0,6,-1,0,0,0,0,0,0,0,0,0,0,8 ,-13,21,17,44,0,0,0,0,-17,-12,-17,0,-17,-9,-3,-3,
-3,0,-9,0,-5,0,0,-4,-11,-6,0,0,-10,-10,-21,0,-10,0,0,10,0,37,25,28,19,19,0,0,0
,0,0,0,0,26,13,36,49,66,0,24,15,15,9,18,44]} 1. d4 d5 2. Nf3 Nf6 3. c4 c6 4.
Nc3 dxc4 5. a4 Bf5 6. e3 e6 7. Bxc4 Be7 8. O-O O-O 9. Qb3 Qb6 10. Bd2 Na6 11.
a5 Qxb3 12. Bxb3 Rfd8 13. h3 h6 14. Rfd1 Nd5 15. Rac1 Nxc3 16. Bxc3 Nc7 17. Be1
Nb5 18. a6 Rab8 19. axb7 Rxb7 20. Ne5 Nxd4 21. exd4 Rxb3 22. Nxc6 Rd7 23. Nxe7+
Rxe7 24. Bc3 Be4 25. Ra1 Rb6 26. Ra5 a6 27. Re1 Bd3 28. d5 Rd7 29. dxe6 Rxe6
30. Rae5 Rxe5 31. Rxe5 f6 32. Re3 Kf7 33. f3 Bc4 34. Kf2 Rb7 35. Re1 Rb5 36.
Ra1 Rd5 37. Rc1 Bb3 38. Ra1 Rd6 39. Bb4 Rb6 40. Ba5 Rc6 41. Re1 Be6 42. Bb4
Rc2+ 43. Re2 Rc1 44. Re1 Rc4 45. Bc3 Ra4 46. Re4 Ra2 47. Rd4 a5 48. Rd2 a4 49.
Bb4 Ra1 50. Ba3 Rc1 51. Bb4 Rc4 52. Ba3 Rc7 53. Bd6 Rb7 54. Ba3 h5 55. h4 g5
56. Rd4 Bb3 57. g3 Ke6 58. Rd2 Kf5 59. hxg5 fxg5 60. Rd4 Ke5 61. Re4+ Kd5 62.
Rb4 Rg7 63. Rb5+ Kc4 64. Ra5 Rg8 65. Ke3 Bd1 66. Rc5+ Kb3 67. Kd2 Rd8+ 68. Ke3
Re8+ 69. Kd2 Rd8+ 70. Ke3 g4 71. f4 Re8+ 72. Kd2 Bf3 73. Rxh5 Re2+ 74. Kd3 Rg2
75. f5 Rxg3 76. f6 1/2-1/2

[Event "54smm A Brixen/Milland-Kaltern/Tramin"]
[Site "?"]
[Date "2022.12.03"]
[Round "3.4"]
[White "Wisthaler, Lukas"]
[Black "Thaler, Elmar"]
[Result "1/2-1/2"]
[WhiteElo "1855"]
[BlackElo "1763"]
[PlyCount "115"]
[EventDate "2022.12.03"]

{[%evp 0,115,32,35,63,28,8,31,21,20,57,49,70,72,57,59,42,38,27,35,23,20,8,25,
64,67,42,48,58,60,53,66,105,93,90,19,6,8,7,6,0,-7,12,27,1 3,16,17,2,30,-69,-67,
-63,-66,-73,-76,-76,-18,-79,-63,-56,-51,-85,-77,-62,-70,-66,-11,-5,2,-23,-22,
-24,-21,-9,-7,-7,-6,-6,25,12, 37,47,45,48,45,47,58,55,65,73,78,63,110,115,150,
140,156,90,95,107,161,158,147,159,187,203,197,197,208,144,136,139,220,136,143,
1 39,223,137]} 1. e4 c6 2. c4 d5 3. cxd5 cxd5 4. exd5 Qxd5 5. Nc3 Qd8 6. Nf3
Nf6 7. Be2 g6 8. d4 Bg7 9. O-O O-O 10. Qb3 Nbd7 11. Rd1 Qb6 12. Bc4 Qxb3 13.
Bxb3 a6 14. Bf4 b5 15. Nd5 e6 16. Ne7+ Kh8 17. Nxc8 Rfxc8 18. Rac1 Nb6 19. Ne5
Kg8 20. Nc6 Nbd5 21. Be5 Bf8 22. Rc2 Nd7 23. Rdc1 Nxe5 24. Bxd5 Nxc6 25. Bxc6
Ra7 26. Be4 Rxc2 27. Rxc2 Bg7 28. Rd2 Rc7 29. Kf1 f5 30. Bf3 Kf7 31. d5 Rc1+
32. Ke2 exd5 33. Bxd5+ Ke7 34. Kd3 Rb1 35. b3 Rc1 36. Rc2 Rd1+ 37. Rd2 Rc1 38.
Re2+ Kd6 39. Bg8 Rc3+ 40. Kd2 Rc7 41. Re6+ Kc5 42. Rxa6 Bh6+ 43. Ke2 Kb4 44.
a3+ Kc3 45. a4 Kb2 46. axb5 Rc2+ 47. Kd3 Rxf2 48. Bd5 Rd2+ 49. Kc4 Be3 50. b6
Rc2+ 51. Kb4 Bc5+ 52. Kb5 Bd6 53. b7 Rc5+ 54. Kb4 Rc6+ 55. Kb5 Rc5+ 56. Kb4
Rc6+ 57. Kb5 Rc5+ 58. Kb4 1/2-1/2

[Event "54smm A Brixen/Milland-Kaltern/Tramin"]
[Site "?"]
[Date "2022.12.03"]
[Round "3.5"]
[White "Martinelli, Michele"]
[Black "Paulmichl, Martin"]
[Result "1-0"]
[WhiteElo "1704"]
[BlackElo "1868"]
[PlyCount "111"]
[EventDate "2022.12.03"]

{[%evp 0,111,34,35,50,8,0,-16,30,18,11,-21,-7,-10,-10,-10,-1,-8,-6,-13,-10,-17,
-29,-34,-25,-44,-59,-58,-45,-45,-21,-64,-66,-72,15,-79, -12,-12,37,50,50,-58,
-122,-109,-152,-152,-149,-113,-113,-157,-62,-128,-90,-90,-85,-83,-92,-84,-80,
-84,-46,-67,-84,-73,0,0,42,0, 133,17,22,26,28,23,33,26,63,63,126,125,125,105,
88,88,107,118,187,145,146,146,125,125,117,124,124,107,126,134,152,91,96,0,89,
96, 96,109,120,85,76,82,379,396,396,431]} 1. e4 e6 2. d3 d5 3. Nd2 c5 4. Ngf3
Nc6 5. g3 Bd6 6. Bg2 Nge7 7. O-O O-O 8. Re1 Qc7 9. a3 Bd7 10. Qe2 f6 11. h4 b5
12. Nf1 Rac8 13. N1h2 d4 14. h5 a5 15. Ng4 e5 16. Nh4 Nd8 17. Bh3 Nf7 18. h6
Ng5 19. Bxg5 fxg5 20. hxg7 Kxg7 21. Nf5+ Nxf5 22. exf5 Bxf5 23. Bg2 c4 24. Be4
cxd3 25. cxd3 Qc2 26. Bxf5 Qxe2 27. Rxe2 Rxf5 28. Rae1 Rc5 29. Kg2 b4 30. axb4
axb4 31. Rh1 Be7 32. Rh6 Rc1 33. Re6 Kf7 34. R6xe5 Rxe5 35. Nxe5+ Kf8 36. Kf3
b3 37. Nc4 Bf6 38. Re6 Kf7 39. Rb6 h5 40. Rxb3 g4+ 41. Kg2 Bg5 42. Nd6+ Ke7 43.
Nf5+ Kd7 44. Rb6 Rc2 45. Nxd4 Rd2 46. Rb7+ Kc8 47. Rf7 Rxb2 48. Ne6 Be3 49. Kf1
Bb6 50. Ke1 Ba5+ 51. Kf1 Rb1+ 52. Kg2 Rd1 53. d4 Bb6 54. Rh7 Bxd4 55. Rc7+ Kb8
56. Rd7 1-0

[Event "54smm A Brixen/Milland-Kaltern/Tramin"]
[Site "?"]
[Date "2022.12.03"]
[Round "3.6"]
[White "Hellweg, Stephan"]
[Black "Florian, Andreas"]
[Result "0-1"]
[WhiteElo "1772"]
[BlackElo "1633"]
[PlyCount "64"]
[EventDate "2022.12.03"]

{[%evp 0,64,34,10,50,47,36,36,24,33,50,35,30,21,27,34,48,9,0,12,-11,-15,-4,-4,
-11,-21,-20,-13,24,-15,-21,-19,-26,-25,-35,-24,119,0,-17 ,-86,86,-99,-81,-109,
-127,-172,-114,-182,-150,-158,-158,-225,-212,-328,-201,-276,-278,-327,-325,
-325,-270,-531,-397,-408,-427,- 2044,-29982]} 1. e4 e6 2. d4 d5 3. exd5 exd5 4.
Nf3 Bg4 5. Be2 Bd6 6. Nc3 Ne7 7. O-O a6 8. Bg5 f6 9. Bh4 Nbc6 10. Re1 O-O 11.
Bg3 Bxg3 12. hxg3 Qd6 13. a3 f5 14. Ng5 Qf6 15. Ne6 Qxe6 16. Bxg4 Qf6 17. Bf3
Rae8 18. Ne2 g5 19. Nc3 Nxd4 20. Qd2 Nxf3+ 21. gxf3 c6 22. Kg2 g4 23. f4 d4 24.
Ne2 c5 25. b3 Qc6+ 26. Kg1 Kg7 27. Qd3 Rf6 28. Rf1 Rh6 29. f3 Rh3 30. Kg2 Qh6
31. Rh1 Nd5 32. Qc4 gxf3+ 0-1

[Event "54smm A Deutschnofen-Richter/Lask"]
[Site "?"]
[Date "2022.12.03"]
[Round "3.1"]
[White "Loiacono, Leonardo"]
[Black "Zamengo, Fulvio"]
[Result "1/2-1/2"]
[WhiteElo "2257"]
[BlackElo "2330"]
[PlyCount "46"]
[EventDate "2022.12.03"]

{[%evp 0,46,28,14,29,5,27,17,27,18,16,9,-12,-15,-26,-8,-20,-24,-9,-22,-26,-26,
-17,-14,-14,-33,-22,-29,-9,-3,75,74,74,75,70,80,78,51,55 ,54,141,144,142,87,87,
69,89,76,86]} 1. d4 e6 2. c4 b6 3. Nc3 Bb7 4. a3 Nf6 5. d5 Bd6 6. Nf3 O-O 7. g3
c6 8. dxc6 dxc6 9. Bg2 Qe7 10. O-O Rd8 11. Qc2 Nbd7 12. b3 Ne5 13. Ng5 c5 14.
f4 Ng6 15. e4 h6 16. Nf3 e5 17. f5 Nf8 18. h3 N8h7 19. g4 Ng5 20. Nxg5 hxg5 21.
Be3 Nh7 22. Rac1 Qe8 23. Nd5 f6 1/2-1/2

[Event "54smm A Deutschnofen-Richter/Lask"]
[Site "?"]
[Date "2022.12.03"]
[Round "3.2"]
[White "Micheli, Carlo"]
[Black "De Eccher, Stefano"]
[Result "1-0"]
[WhiteElo "2202"]
[BlackElo "2173"]
[PlyCount "55"]
[EventDate "2022.12.03"]

{[%evp 0,55,28,30,41,45,63,56,66,29,20,25,66,12,12,19,6,6,6,-2,6,-11,-12,-27,
-1,1,38,29,37,35,41,41,44,19,34,46,46,33,50,41,58,60,65,7 7,84,84,176,193,233,
260,310,315,313,308,304,308,312,316]} 1. e4 c5 2. Nf3 d6 3. d4 cxd4 4. Nxd4 Nf6
5. Nc3 g6 6. g3 Nc6 7. Bg2 Nxd4 8. Qxd4 Bg7 9. O-O O-O 10. h3 Be6 11. Qe3 Qa5
12. Bd2 Qc5 13. Qxc5 dxc5 14. e5 Nd7 15. f4 Rad8 16. Rad1 b6 17. Rfe1 Nb8 18.
g4 Na6 19. Nb5 Bxa2 20. Nxa7 Rd7 21. Nc6 Bc4 22. f5 Rc7 23. Bg5 Re8 24. b3 Bb5
25. Nxe7+ Rcxe7 26. Bxe7 Rxe7 27. f6 Re8 28. c4 1-0

[Event "54smm A Deutschnofen-Richter/Lask"]
[Site "?"]
[Date "2022.12.03"]
[Round "3.3"]
[White "Moncher, Stefano"]
[Black "Gennari, Jacopo"]
[Result "1-0"]
[WhiteElo "2169"]
[BlackElo "2113"]
[PlyCount "81"]
[EventDate "2022.12.03"]

{[%evp 0,81,40,41,45,31,36,39,53,40,43,52,49,49,31,15,46,41,16,1,9,-5,-13,-12,
-12,-12,-17,-29,-4,1,5,-1,2,0,32,32,62,42,108,53,77,85,7 0,76,81,81,81,95,95,
118,115,120,143,148,141,153,157,157,160,160,165,165,160,170,189,168,171,316,
456,521,488,444,572,460,559,679 ,691,713,723,791,879,880,2900,29986]} 1. e4 e6
2. d4 d5 3. Nc3 Nf6 4. Bg5 Be7 5. e5 Nfd7 6. Bxe7 Qxe7 7. f4 a6 8. Nf3 c5 9.
dxc5 Qxc5 10. Qd4 Nc6 11. Qxc5 Nxc5 12. Bd3 b5 13. Ne2 O-O 14. Ned4 Nxd4 15.
Nxd4 f6 16. O-O Bd7 17. Rae1 b4 18. f5 Nxd3 19. cxd3 exf5 20. e6 Bb5 21. Rxf5
Bxd3 22. Rxd5 Rfd8 23. Rxd8+ Rxd8 24. e7 Re8 25. Nc6 Bb5 26. Nd8 g6 27. Nb7 Rb8
28. Nd6 Be8 29. Kf2 Kg7 30. Ke3 f5 31. Kd4 Kf6 32. Kc5 h5 33. Nxe8+ Rxe8 34.
Kd6 f4 35. h4 Kf7 36. Re4 Ra8 37. Rxf4+ Kg7 38. Kd7 Ra7+ 39. Ke6 Ra8 40. Rd4 a5
41. Rd8 1-0